000 00500nam a2200193Ia 4500
003 0100
008 130303s9999 xx 000 0 und d
040 _cARRUPELIB
050 _aBX2350.5.C281990
100 _aC.C.S.P
245 _aPrecis of Official Catholic Teaching on Faith, Revelation and the Bible
260 _aSilver Spring, Maryland
260 _bCatholics Committed to Support the Pope
260 _C1990
300 _a108p
650 _bTime
650 _cExperience
942 0 0 _01
999 _c20900
_d20900